Assault at Mogadishu

Guardat en:
Dades bibliogràfiques
Autor principal: CKOH, Peter
Format: Llibre
Idioma:anglès
Publicat: Peter Koch and Kai Hermann , 1977
Etiquetes: Afegir etiqueta
Sense etiquetes, Sigues el primer a etiquetar aquest registre!

MARC

LEADER 00000nam a2200000 4500
008 201207b ||||| |||| 00| 0 eng d
100 |a CKOH, Peter. 
245 |a Assault at Mogadishu  |c Peter Koch and Kai Hermann 
260 |b Peter Koch and Kai Hermann  |c , 1977  |d BOOKS  |h London  |i 685953 – Juli   |l HV6433 .G3K81  |m Terrorism.  |m Terrorism – Germany (West) – Case studies  |m Kidnapping – Germany (West) – Case studies  |m Man, John.  |m Herman, Kai.   |m Man, John. 
942 |a lcc  |c BK  |e M.A Olagoke  |f 07/12/2020 
999 |c 26  |d 26